000 00415nab a2200145Ia 4500
003 ES-SlBCS
005 20210601133742.0
008 140529s2011 xxu||||| |||| 00| 0 por d
041 _apor
100 1 _aPaiva, José Maria de
_9208946
245 0 0 _aEducaçao
_c José Maria de Paiva
650 0 4 _aEducación
_986687
773 0 _tEducaçao e Filosofia
_gvol. 25, nº. 49, 2011, págs. 269-288
_wRev1534
942 _cAR
999 _c601550
_d601550